Chefs-lieux et plus grande ville des départements français - Statistiques

Statistiques générales
  • Ce quiz a été pris 1 330 fois
    874 depuis la dernière actualisation
  • Le résultat moyen est 149 sur 202
Statistiques - réponses
Numéro Nom Chef-lieu Plus grande ville % Correct
13 Bouches-du-Rhône Marseille
95%
75 Paris Paris
94%
33 Gironde Bordeaux
93%
59 Nord Lille
93%
6 Alpes-Maritimes Nice
93%
69 Rhône Lyon
92%
35 Ille-et-Vilaine Rennes
92%
31 Haute-Garonne Toulouse
92%
2A Corse-du-Sud Ajaccio
90%
2B Haute-Corse Bastia
90%
21 Côte-d'Or Dijon
90%
44 Loire-Atlantique Nantes
90%
67 Bas-Rhin Strasbourg
90%
Brest
89%
34 Hérault Montpellier
89%
14 Calvados Caen
88%
17 Charente-Maritime La Rochelle
88%
38 Isère Grenoble
87%
45 Loiret Orléans
87%
974 La Réunion Saint-Denis
87%
83 Var Toulon
87%
57 Moselle Metz
85%
30 Gard Nîmes
85%
29 Finistère Quimper
85%
42 Loire Saint-Étienne
85%
72 Sarthe Le Mans
84%
54 Meurthe-et-Moselle Nancy
84%
66 Pyrénées-Orientales Perpignan
84%
76 Seine-Maritime Rouen
84%
49 Maine-et-Loire Angers
83%
63 Puy-de-Dôme Clermont-Ferrand
83%
37 Indre-et-Loire Tours
83%
78 Yvelines Versailles
83%
80 Somme Amiens
82%
90 Territoire de Belfort Belfort
82%
64 Pyrénées-Atlantiques Pau
82%
74 Haute-Savoie Annecy
81%
87 Haute-Vienne Limoges
81%
84 Vaucluse Avignon
80%
1 Ain Bourg-en-Bresse Bourg-en-Bresse
80%
5 Hautes-Alpes Gap
80%
Le Havre
80%
25 Doubs Besançon
79%
10 Aube Troyes
79%
56 Morbihan Vannes
79%
68 Haut-Rhin Colmar
78%
26 Drôme Valence
78%
86 Vienne Poitiers
77%
73 Savoie Chambéry
76%
972 Martinique Fort-de-France
76%
89 Yonne Auxerre
75%
18 Cher Bourges
75%
11 Aude Carcassonne
75%
53 Mayenne Laval
75%
79 Deux-Sèvres Niort
75%
Reims
75%
22 Côtes-d'Armor Saint-Brieuc
75%
16 Charente Angoulême
74%
62 Pas-de-Calais Arras
74%
58 Nièvre Nevers
74%
973 Guyane Cayenne
73%
36 Indre Châteauroux
73%
27 Eure Évreux
73%
85 Vendée La Roche-sur-Yon
73%
40 Landes Mont-de-Marsan
73%
50 Manche Saint-Lô
73%
19 Corrèze Tulle
73%
81 Tarn Albi
72%
15 Cantal Aurillac
72%
28 Eure-et-Loir Chartres
72%
9 Ariège Foix
71%
2 Aisne Laon
71%
7 Ardèche Privas
71%
12 Aveyron Rodez
71%
60 Oise Beauvais
70%
41 Loir-et-Cher Blois
70%
8 Ardennes Charleville-Mézières
70%
88 Vosges Épinal
70%
77 Seine-et-Marne Melun
70%
3 Allier Moulins
70%
92 Hauts-de-Seine Nanterre
70%
24 Dordogne Périgueux
70%
65 Hautes-Pyrénées Tarbes
70%
94 Val-de-Marne Créteil
69%
Lorient
69%
Mulhouse
69%
47 Lot-et-Garonne Agen
68%
976 Mayotte Mamoudzou
68%
Calais
67%
82 Tarn-et-Garonne Montauban
67%
61 Orne Alençon
66%
32 Gers Auch
66%
51 Marne Châlons-en-Champagne
66%
23 Creuse Guéret
66%
71 Saône-et-Loire Mâcon
66%
48 Lozère Mende
66%
4 Alpes-de-Haute-Provence Digne-les-Bains
65%
43 Haute-Loire Le Puy-en-Velay
65%
93 Seine-Saint-Denis Bobigny
64%
971 Guadeloupe Basse-Terre
63%
46 Lot Cahors
63%
95 Val-d'Oise Cergy (Préfecture) / Pontoise (Chef L.)
63%
39 Jura Lons-le-Saunier
61%
55 Meuse Bar-le-Duc
58%
Narbonne
58%
52 Haute-Marne Chaumont
56%
70 Haute-Saône Vesoul
56%
Brive-la-Gaillarde
46%
91 Essonne Évry-Courcouronnes
46%
Saint-Quentin
44%
Cherbourg-en-Cotentin
43%
Meaux
41%
Chalon-sur-Saône
40%
Montluçon
40%
Verdun
40%
Boulogne-Billancourt
39%
Argenteuil
36%
Dole
35%
Manosque
27%
Pamiers
27%
Saint-Dizier
27%
Les Abymes
26%
Annonay
20%
Vitry-sur-Seine
18%
Aucun quiz correspondant
Distribution des résultats
% des personnes avec chaque résultat
Percentile par nombre de réponses
Votre historique - résultats
Vous n’avez pas pris ce quiz depuis la dernière actualisation